| 000 | 00804cam a2200253 4500 | ||
|---|---|---|---|
| 001 | ABS62901 | ||
| 008 | 000000n2000 000 0 eng u | ||
| 035 | _a(Sirsi) u108438 | ||
| 100 | _aWright, F. | ||
| 245 | _aAnother man's poison | ||
| 260 | _c2000 | ||
| 490 |
_aEstates Gazette _v(0035) 2 September 2000, 128-129(2) |
||
| 520 | _aExplains that landlords and tenants need to be clear about where the liability for remediation costs for contamination falls and ensure that any agreement reached is reflected in the terms of the lease. | ||
| 590 | _aABS | ||
| 650 | _aCONTAMINATED LAND | ||
| 650 | _aREMEDIATION | ||
| 650 | _aCOSTS | ||
| 650 | _aLEASE TERMS | ||
| 650 | _aLEASES | ||
| 650 | _aLIABILITY | ||
| 690 | _aLANDLORD AND TENANT-LEASES | ||
| 700 | _aHartley, D. | ||
| 942 | _n0 | ||
| 999 |
_c64743 _d64743 |
||